| 000 | 00393nam a2200145Ia 4500 | ||
|---|---|---|---|
| 008 | 231129s1973||||xx |||||||||||||| ||spa|| | ||
| 020 | _a84-02-00715-5 | ||
| 040 | _bspa | ||
| 082 | _a181.0952 C748 | ||
| 100 | _aConfucio. | ||
| 245 | 0 | _aLos cuatro libros clasicos | |
| 260 | _c1973 | ||
| 264 | _aBarcelona EspaƱa : Bruguera 1973. | ||
| 942 |
_2ddc _cBKS |
||
| 999 |
_c19585 _d19585 |
||